[Event "Geller Memorial"]
[Site "Moscow"]
[Date "1999.02.02"]
[Round "1.43"]
[White "Vokarev, Sergey"]
[Black "Melikhov, Evgeny V"]
[Result "1-0"]
[WhiteElo "2462"]
[BlackElo "2285"]
[PlyCount "89"]
[EventDate "1999.02.02"]

1. e4 c5 2. Nf3 d6 3. d4 cxd4 4. Nxd4 Nf6 5. f3 g6 6. c4 Bg7 7. Be3 O-O 8. Nc3
Bd7 9. Be2 Nc6 10. Qd2 Nxd4 11. Bxd4 Bc6 12. O-O a5 13. b3 Nd7 14. Be3 Nc5 15.
Rab1 Qc7 16. Rfc1 Rfc8 17. Rc2 Qd8 18. a3 b6 19. Bf1 h5 20. b4 axb4 21. axb4
Nd7 22. Rbc1 Kh7 23. Nd5 Bxd5 24. cxd5 Rxc2 25. Rxc2 Ra1 26. Rc1 Qa8 27. Bb5
Ra2 28. Rc2 Rxc2 29. Qxc2 Qa1+ 30. Qc1 Qxc1+ 31. Bxc1 Bd4+ 32. Kf1 Ne5 33. h3
Bc3 34. f4 Bxb4 35. fxe5 dxe5 36. Be3 Ba5 37. Bd7 Kg7 38. Ke2 Kf6 39. Kd3 e6
40. dxe6 fxe6 41. Kc4 Be1 42. Kb5 Bc3 43. Kc4 Be1 44. Be8 h4 45. Bxb6 1-0

[Event "Geller Memorial"]
[Site "Moscow"]
[Date "1999.02.02"]
[Round "1.44"]
[White "Deviatkin, Andrei"]
[Black "Gelman, Alexander"]
[Result "1-0"]
[WhiteElo "2284"]
[BlackElo "2460"]
[PlyCount "91"]
[EventDate "1999.02.02"]

1. e4 d6 2. d4 Nf6 3. Nc3 g6 4. g3 Bg7 5. Bg2 O-O 6. Nge2 c6 7. O-O Nbd7 8. a4
e5 9. h3 b6 10. Be3 Bb7 11. Qd2 a6 12. Bh6 b5 13. Bxg7 Kxg7 14. Rad1 b4 15. Nb1
c5 16. dxe5 dxe5 17. g4 Nb6 18. Qg5 Nfd7 19. Qxd8 Rfxd8 20. b3 a5 21. c4 Nf8
22. f4 Ne6 23. fxe5 Nd7 24. Rd5 Nef8 25. Rdd1 Nxe5 26. Nf4 Ne6 27. Nd5 Nd4 28.
Nd2 Ra6 29. Kh2 f6 30. Rf2 Rh8 31. Rb1 h5 32. gxh5 Rxh5 33. Kg1 Nd3 34. Rff1
Bc8 35. Kh2 Ne5 36. Rbe1 Rd6 37. Kg3 Rg5+ 38. Kh2 Rd8 39. Rxf6 Ng4+ 40. hxg4
Rgxd5 41. exd5 Kxf6 42. Ne4+ Kf7 43. Nxc5 Re8 44. Rxe8 Kxe8 45. Kg3 g5 46. Bf3
1-0

[Event "Geller Memorial"]
[Site "Moscow"]
[Date "1999.02.03"]
[Round "2.1"]
[White "Saulin, Dmitri"]
[Black "Popov, Valerij"]
[Result "1/2-1/2"]
[WhiteElo "2427"]
[BlackElo "2582"]
[PlyCount "33"]
[EventDate "1999.02.02"]

1. e4 c5 2. Nf3 d6 3. d4 Nf6 4. Nc3 cxd4 5. Nxd4 a6 6. Be2 e5 7. Nb3 Be7 8. O-O
O-O 9. Kh1 b6 10. Be3 Nbd7 11. f3 Qc7 12. a4 Rd8 13. Rf2 h6 14. Bf1 Nc5 15. Nc1
Be6 16. Rd2 Qb7 17. Nd3 1/2-1/2

[Event "Geller Memorial"]
[Site "Moscow"]
[Date "1999.02.03"]
[Round "2.2"]
[White "Balashov, Yuri S"]
[Black "Mitenkov, Alexey"]
[Result "1/2-1/2"]
[WhiteElo "2578"]
[BlackElo "2425"]
[PlyCount "35"]
[EventDate "1999.02.02"]

1. e4 c5 2. Ne2 g6 3. d4 Bg7 4. Nbc3 cxd4 5. Nxd4 Nc6 6. Be3 d6 7. Be2 Nf6 8.
O-O O-O 9. Nb3 Be6 10. f4 Qc8 11. Kh1 Rd8 12. Bg1 d5 13. e5 Ne4 14. Nb5 f6 15.
exf6 exf6 16. N5d4 f5 17. c3 Bf7 18. Qd3 1/2-1/2

[Event "Geller Memorial"]
[Site "Moscow"]
[Date "1999.02.03"]
[Round "2.3"]
[White "Novichkov, Valery"]
[Black "Poluljahov, Aleksandr"]
[Result "0-1"]
[WhiteElo "2420"]
[BlackElo "2566"]
[PlyCount "91"]
[EventDate "1999.02.02"]

1. e4 c5 2. Nf3 e6 3. b3 b6 4. c4 Bb7 5. Nc3 Nc6 6. Be2 Nf6 7. O-O Qb8 8. Bb2
h5 9. d3 a6 10. Re1 Bd6 11. Bf1 Nd4 12. g3 Nxf3+ 13. Qxf3 Be5 14. Rab1 b5 15.
Nd1 h4 16. Bg2 hxg3 17. hxg3 Bxb2 18. Rxb2 Qe5 19. Rc2 b4 20. Ne3 a5 21. Qd1
Qg5 22. e5 Bxg2 23. Nxg2 Ng4 24. f4 Qh5 25. Nh4 g5 26. fxg5 Qxg5 27. Qf3 Ke7
28. Rg2 Nxe5 29. Nf5+ Kf6 30. Qe4 Ng4 31. Nh4 Kg7 32. d4 Rae8 33. dxc5 Qxc5+
34. Kf1 f5 35. Qf4 Kf6 36. Rd2 Qc6 37. Kg1 Rhg8 38. Qd4+ Kf7 39. Qxd7+ Qxd7 40.
Rxd7+ Kf6 41. Rd6 Ne5 42. Kf2 Ng4+ 43. Kf3 Ne5+ 44. Kf2 f4 45. gxf4 Ng4+ 46.
Kg3 0-1

[Event "Geller Memorial"]
[Site "Moscow"]
[Date "1999.02.03"]
[Round "2.4"]
[White "Kiriakov, Petr"]
[Black "Eljanov, Pavel"]
[Result "1/2-1/2"]
[WhiteElo "2564"]
[BlackElo "2418"]
[PlyCount "84"]
[EventDate "1999.02.02"]

1. d4 Nf6 2. c4 g6 3. Nc3 d5 4. Nf3 Bg7 5. Bg5 Ne4 6. Bh4 Nxc3 7. bxc3 c5 8.
cxd5 Qxd5 9. e3 Nc6 10. Be2 O-O 11. O-O cxd4 12. cxd4 e5 13. dxe5 Qa5 14. Bf6
Bxf6 15. exf6 Qf5 16. Nd4 Qxf6 17. Nxc6 Qxc6 18. Bf3 Qa6 19. Qd4 Bf5 20. Rfd1
Rac8 21. h4 Rc4 22. Bxb7 Rxd4 23. Bxa6 Rxh4 24. f4 Rb8 25. Rd2 Be6 26. Be2 g5
27. Rf1 gxf4 28. exf4 Bg4 29. Bc4 Rh5 30. Bb3 Rc5 31. Re1 Kf8 32. Rd6 Rbc8 33.
Kf2 R5c6 34. Rxc6 Rxc6 35. Re5 Ra6 36. a4 Rb6 37. Bd5 Bd7 38. a5 Rb5 39. Be4
Rxe5 40. fxe5 h6 41. Kg3 f6 42. Kf4 Ke7 1/2-1/2

[Event "Geller Memorial"]
[Site "Moscow"]
[Date "1999.02.03"]
[Round "2.8"]
[White "Kobalija, Mihail"]
[Black "Chuprov, Dmitry"]
[Result "1/2-1/2"]
[WhiteElo "2537"]
[BlackElo "2400"]
[PlyCount "126"]
[EventDate "1999.02.02"]

1. e4 c5 2. Nf3 Nc6 3. d4 cxd4 4. Nxd4 g6 5. c4 Bg7 6. Be3 Nf6 7. Nc3 Ng4 8.
Qxg4 Nxd4 9. Qd1 Ne6 10. Rc1 d6 11. Be2 Bd7 12. Qd2 Qa5 13. O-O Nc5 14. f3 Na4
15. Nd5 Qxd2 16. Bxd2 Bd4+ 17. Kh1 Rc8 18. b3 Nb6 19. Nb4 O-O 20. Nc2 Bb2 21.
Rcd1 Bc6 22. Be3 Nd7 23. Nd4 Ba3 24. Nc2 Bb2 25. Nd4 Ba3 26. Rb1 a5 27. Bh6
Rfd8 28. Nc2 Bc5 29. a3 Bb6 30. Ne3 Ne5 31. Rfd1 f6 32. Bf4 e6 33. Nc2 Nf7 34.
Be3 Bxe3 35. Nxe3 Kf8 36. Kg1 Ke7 37. Kf2 f5 38. exf5 gxf5 39. f4 Nh6 40. h3
Ng8 41. g4 fxg4 42. hxg4 Nf6 43. Bf3 Ne4+ 44. Bxe4 Bxe4 45. Rb2 h5 46. Rd4 Bc6
47. Re2 hxg4 48. Nf5+ Kf6 49. Nxd6 g3+ 50. Kxg3 Rg8+ 51. Kf2 Rg2+ 52. Ke1 Rxe2+
53. Kxe2 Rh8 54. b4 Rh2+ 55. Ke1 e5 56. fxe5+ Kxe5 57. Rd3 axb4 58. axb4 Rb2
59. b5 Be4 60. Nxe4 Kxe4 61. Rd7 Rb4 62. Rxb7 Rxc4 63. Rh7 Kd5 1/2-1/2

[Event "Geller Memorial"]
[Site "Moscow"]
[Date "1999.02.03"]
[Round "2.11"]
[White "Tosic, Miroslav"]
[Black "Maiorov, Oleg"]
[Result "1-0"]
[WhiteElo "2517"]
[BlackElo "2400"]
[PlyCount "93"]
[EventDate "1999.02.02"]

1. Nf3 c5 2. g3 Nc6 3. Bg2 e5 4. d3 d6 5. O-O g6 6. c4 Bg7 7. Nc3 Be6 8. a3
Nge7 9. Bd2 h6 10. Ne1 Qd7 11. Nd5 Rb8 12. b4 b5 13. e4 Nd4 14. Rb1 cxb4 15.
Rxb4 Nec6 16. Rb1 bxc4 17. Rxb8+ Nxb8 18. dxc4 Qc6 19. Bb4 Kd7 20. Nc2 Qxc4 21.
Nxd4 exd4 22. Qa4+ Nc6 23. Rd1 d3 24. Ne3 Qb3 25. Qa6 Nxb4 26. Qxa7+ Ke8 27.
axb4 Qxb4 28. Rxd3 Qc5 29. Qa6 Kd7 30. e5 Bxe5 31. Qb7+ Ke8 32. Bd5 Qc8 33. Qb4
Bxd5 34. Rxd5 Qc1+ 35. Kg2 Qb2 36. Qe4 f5 37. Qa4+ Ke7 38. Rb5 Qd4 39. Rb7+ Kf6
40. Qd7 Kg5 41. Rb3 Ra8 42. f4+ Kh5 43. Kh3 Bxf4 44. Nxf5 Qe4 45. Rb5 d5 46.
Rxd5 Kg5 47. Ne3+ 1-0

[Event "Geller Memorial"]
[Site "Moscow"]
[Date "1999.02.03"]
[Round "2.14"]
[White "Prokopchuk, Evgeny"]
[Black "Potkin, Vladimir"]
[Result "1/2-1/2"]
[WhiteElo "2489"]
[BlackElo "2400"]
[PlyCount "75"]
[EventDate "1999.02.02"]

1. d4 e6 2. c4 d5 3. Nf3 c5 4. cxd5 exd5 5. Nc3 Nc6 6. g3 Nf6 7. Bg2 Be7 8. O-O
O-O 9. dxc5 Bxc5 10. Bg5 d4 11. Bxf6 Qxf6 12. Nd5 Qd8 13. Nd2 Re8 14. Nb3 Bb6
15. Rc1 Bg4 16. Re1 Ba5 17. Nxa5 Qxa5 18. b4 Nxb4 19. Qxd4 Nxd5 20. Qxd5 Qxd5
21. Bxd5 Rad8 22. Bxb7 Rxe2 23. Rxe2 Bxe2 24. Kg2 g6 25. a4 Rd7 26. Rc8+ Kg7
27. Bc6 Rd4 28. Ra8 Rd6 29. Bb7 Rd7 30. Bf3 Bxf3+ 31. Kxf3 h5 32. Ke4 Kf6 33.
f4 Rd2 34. h3 Re2+ 35. Kf3 Re7 36. g4 hxg4+ 37. hxg4 Ke6 38. Rd8 1/2-1/2

[Event "Geller Memorial"]
[Site "Moscow"]
[Date "1999.02.03"]
[Round "2.15"]
[White "Hait, Alexander"]
[Black "Rychagov, Andrey"]
[Result "1/2-1/2"]
[WhiteElo "2400"]
[BlackElo "2487"]
[PlyCount "57"]
[EventDate "1999.02.02"]

1. e4 c5 2. Nf3 e6 3. d4 cxd4 4. Nxd4 Nc6 5. Nb5 d6 6. Bf4 e5 7. Be3 a6 8. N5c3
Nf6 9. Bg5 Be7 10. Nd2 Be6 11. Nc4 Nd4 12. Bd3 O-O 13. Bxf6 Bxf6 14. Ne3 Bg5
15. Ncd5 Bxe3 16. Nxe3 Qg5 17. c3 Nc6 18. O-O Rad8 19. Bc4 Rd7 20. Qd3 Ne7 21.
Nd5 Ng6 22. Rad1 Kh8 23. Qg3 Qd8 24. Qe3 f5 25. exf5 Bxf5 26. f3 Be6 27. g3
Rdf7 28. Bb3 Ne7 29. Nxe7 1/2-1/2

[Event "Geller Memorial"]
[Site "Moscow"]
[Date "1999.02.03"]
[Round "2.19"]
[White "Lopushnoy, Denis"]
[Black "Iljushin, Alexei"]
[Result "1/2-1/2"]
[WhiteElo "2399"]
[BlackElo "2484"]
[PlyCount "106"]
[EventDate "1999.02.02"]

1. Nf3 c5 2. c4 Nc6 3. Nc3 e5 4. g3 g6 5. Bg2 Bg7 6. O-O Nge7 7. Ne1 d6 8. Nc2
Be6 9. Ne3 O-O 10. a3 a6 11. b4 cxb4 12. axb4 Rb8 13. b5 axb5 14. Nxb5 Nd4 15.
Rb1 Qd7 16. Ba3 Nxb5 17. Rxb5 Bxc4 18. Rb6 Be6 19. Rxd6 Qc7 20. Qc1 Rbc8 21.
Qxc7 Rxc7 22. Rxe6 fxe6 23. Bd6 Rfc8 24. Bxc7 Rxc7 25. Rb1 Nc6 26. Bxc6 bxc6
27. Rb4 Kf7 28. d3 h5 29. Kg2 c5 30. Re4 Rd7 31. Rc4 Bf8 32. Kf3 Rd4 33. Rxd4
exd4 34. Nc4 Kf6 35. Ke4 Be7 36. h3 Bf8 37. f4 Be7 38. g4 hxg4 39. hxg4 g5 40.
Nd2 gxf4 41. Kxf4 Bd6+ 42. Kf3 Be7 43. Kg3 Bd6+ 44. Kh4 Be7 45. Kh5 Ke5 46. g5
Kf4 47. g6 Bf8 48. Nb3 Kf5 49. Nxc5 Bg7 50. Na6 e5 51. Nc7 Bf8 52. Ne8 Kf4 53.
Nc7 Kf5 1/2-1/2

[Event "Geller Memorial"]
[Site "Moscow"]
[Date "1999.02.03"]
[Round "2.20"]
[White "Arbakov, Valentin"]
[Black "Ivanov, Timur"]
[Result "1-0"]
[WhiteElo "2482"]
[BlackElo "2390"]
[PlyCount "95"]
[EventDate "1999.02.02"]

1. c4 Nf6 2. d4 e6 3. Nc3 Bb4 4. e3 c5 5. Bd3 cxd4 6. exd4 d5 7. cxd5 exd5 8.
Nge2 O-O 9. Bg5 Nc6 10. O-O Be7 11. h3 h6 12. Be3 Re8 13. Nf4 Bf8 14. Qf3 Be6
15. a3 a6 16. Rac1 Qd6 17. Rfd1 Rad8 18. Bb1 Na5 19. Nd3 Nc6 20. Nc5 Bc8 21.
Ba2 g5 22. g4 Bg7 23. b4 Ne7 24. Qg3 Ng6 25. Qxd6 Rxd6 26. b5 Bf8 27. bxa6 bxa6
28. Rb1 Nf4 29. Bxf4 gxf4 30. Nd3 h5 31. gxh5 Bxh3 32. Nxf4 Bg4 33. Re1 Rxe1+
34. Rxe1 Nxh5 35. Nfxd5 Rg6 36. Ne7+ Bxe7 37. Rxe7 Be6+ 38. Kh1 Bxa2 39. Nxa2
Rd6 40. Re4 Nf6 41. Rf4 Nd5 42. Rf3 Nc7 43. Rd3 Ne6 44. d5 Nc7 45. Nc3 Kf8 46.
Kg2 Nb5 47. Nxb5 axb5 48. Kf3 1-0

[Event "Geller Memorial"]
[Site "Moscow"]
[Date "1999.02.03"]
[Round "2.21"]
[White "Fokin, Sergey"]
[Black "Namgilov, Sogto"]
[Result "1-0"]
[WhiteElo "2390"]
[BlackElo "2472"]
[PlyCount "72"]
[EventDate "1999.02.02"]

1. Nf3 d6 2. d4 Bg4 3. c4 Nd7 4. e4 g6 5. Be2 e5 6. Ng1 Bxe2 7. Nxe2 Bg7 8.
Nbc3 Ne7 9. d5 f5 10. f3 O-O 11. Be3 Nf6 12. h3 fxe4 13. fxe4 Kh8 14. O-O Neg8
15. Qd2 Qd7 16. Rf3 a6 17. a4 Rf7 18. Raf1 Raf8 19. g4 h6 20. Kg2 c5 21. Ng3
Nh7 22. Rxf7 Rxf7 23. Rxf7 Qxf7 24. Nd1 Qd7 25. b3 Bf8 26. Nf2 Kg7 27. h4 Nhf6
28. Qe2 Kh8 29. h5 gxh5 30. gxh5 Ne7 31. Qf3 Neg8 32. Bd2 Qg7 33. Kf1 Qd7 34.
Kg2 Qg7 35. Kf1 Qd7 36. Ne2 b6 1-0

[Event "Geller Memorial"]
[Site "Moscow"]
[Date "1999.02.03"]
[Round "2.22"]
[White "Reprintsev, Alexander"]
[Black "Kachar, Vladimir"]
[Result "1-0"]
[WhiteElo "2470"]
[BlackElo "2390"]
[PlyCount "51"]
[EventDate "1999.02.02"]

1. d4 Nf6 2. Nc3 d5 3. Bg5 g6 4. Qd2 Bg7 5. Bh6 O-O 6. O-O-O c6 7. f3 b5 8. h4
Nh5 9. g4 Ng3 10. Rh3 Nxf1 11. Rxf1 f5 12. Bxg7 Kxg7 13. h5 fxg4 14. Rh1 Qd6
15. hxg6 Qxg6 16. Nh3 gxh3 17. Rfg1 Be6 18. Nd1 Nd7 19. Nf2 Rf6 20. Qc3 Qg2 21.
Rxg2+ hxg2 22. Rg1 Rg6 23. Qxc6 Rg8 24. e4 Kf7 25. Qxb5 Rg5 26. f4 1-0

[Event "Geller Memorial"]
[Site "Moscow"]
[Date "1999.02.03"]
[Round "2.24"]
[White "Riazantsev, Alexander"]
[Black "Akhmadeev, Vadim"]
[Result "1/2-1/2"]
[WhiteElo "2387"]
[BlackElo "2467"]
[PlyCount "92"]
[EventDate "1999.02.02"]

1. d4 d5 2. c4 e6 3. Nc3 Be7 4. Nf3 Nf6 5. e3 O-O 6. Bd3 dxc4 7. Bxc4 a6 8. a4
c5 9. O-O Nc6 10. dxc5 Bxc5 11. Qe2 Qc7 12. h3 b6 13. Rd1 Bb7 14. e4 Ne5 15.
Nxe5 Qxe5 16. Be3 Rfc8 17. Bxc5 Qxc5 18. Bd3 Nh5 19. Qg4 Qe5 20. Rd2 Nf4 21. g3
Nxd3 22. Rxd3 b5 23. axb5 axb5 24. Rxa8 Rxa8 25. Qd1 g6 26. Rd8+ Kg7 27. Qd4
Qxd4 28. Rxd4 Bc6 29. Kf1 Kf8 30. Ke2 Ke7 31. e5 f6 32. exf6+ Kxf6 33. h4 Ke7
34. f4 Ra1 35. Rd1 Ra6 36. Rd4 Ra1 37. Rd1 Rxd1 38. Nxd1 e5 39. Ke3 Ke6 40.
fxe5 Kxe5 41. Nc3 Bd7 42. Ne4 h6 43. Nc3 Bc6 44. Ne2 Bd7 45. Nc3 Be8 46. Kd3
Bd7 1/2-1/2

[Event "Geller Memorial"]
[Site "Moscow"]
[Date "1999.02.03"]
[Round "2.25"]
[White "Vorotnikov, Vladislav V"]
[Black "Bakhtadze, Giorgi"]
[Result "1/2-1/2"]
[WhiteElo "2463"]
[BlackElo "2384"]
[PlyCount "69"]
[EventDate "1999.02.02"]

1. Nf3 Nf6 2. d4 g6 3. Nc3 Bg7 4. e4 d6 5. Bf4 c6 6. Qd2 O-O 7. Bh6 b5 8. Bxg7
Kxg7 9. e5 dxe5 10. Nxe5 Qd6 11. Be2 Nbd7 12. f4 Nb6 13. Bf3 b4 14. Ne4 Nxe4
15. Bxe4 f6 16. Nxc6 Qe6 17. Qe2 Bb7 18. d5 Nxd5 19. Bxd5 Qxd5 20. Nxb4 Qxg2
21. Qxg2 Bxg2 22. Rg1 Be4 23. O-O-O Rab8 24. Nd5 Rfc8 25. Ne3 Kf7 26. c4 Rc7
27. Rd4 f5 28. Rgd1 Ke6 29. b3 h6 30. h4 g5 31. hxg5 hxg5 32. fxg5 Rg8 33. Re1
Kf7 34. Rf1 Kg6 35. Nd5 1/2-1/2

[Event "Geller Memorial"]
[Site "Moscow"]
[Date "1999.02.03"]
[Round "2.26"]
[White "Arkhangelsky, Boris"]
[Black "Vokarev, Sergey"]
[Result "1/2-1/2"]
[WhiteElo "2382"]
[BlackElo "2462"]
[PlyCount "84"]
[EventDate "1999.02.02"]

1. d4 Nf6 2. c4 g6 3. Nc3 d5 4. Nf3 Bg7 5. Qb3 dxc4 6. Qxc4 O-O 7. e4 Nc6 8.
Be2 Bg4 9. d5 Na5 10. Qa4 Bxf3 11. Bxf3 c6 12. O-O cxd5 13. Rd1 Nc6 14. exd5
Ne5 15. Be2 Ne8 16. Ne4 Nd6 17. Nxd6 exd6 18. Be3 g5 19. Qb3 Qe7 20. Rac1 f5
21. Bd4 Ng6 22. Bxg7 Kxg7 23. Bf1 Ne5 24. Rc3 Rac8 25. Rdc1 Qd7 26. Bb5 Rxc3
27. Rxc3 Qd8 28. Bf1 Rf7 29. Qc2 Qa5 30. Qd2 f4 31. h4 h6 32. hxg5 hxg5 33. Qc2
Qxd5 34. Rh3 Ng6 35. Bc4 Qc6 36. Rc3 Nh4 37. Bf1 Qd5 38. Rd3 Qe5 39. Qd2 Nf5
40. Rd5 Qe4 41. Qc3+ Kh6 42. Ra5 Qd4 1/2-1/2

[Event "Geller Memorial"]
[Site "Moscow"]
[Date "1999.02.03"]
[Round "2.28"]
[White "Kunin, Vitaliy"]
[Black "Abasheev, Denis"]
[Result "1/2-1/2"]
[WhiteElo "2290"]
[BlackElo "2455"]
[PlyCount "133"]
[EventDate "1999.02.02"]

1. c4 c5 2. Nc3 b6 3. e3 Bb7 4. Nf3 g6 5. d4 cxd4 6. exd4 Bg7 7. Be2 Nf6 8. d5
O-O 9. O-O Na6 10. Bf4 Nh5 11. Bg5 h6 12. Be3 e5 13. Qd2 Kh7 14. Ne1 Nf6 15. f4
d6 16. f5 Bc8 17. fxg6+ fxg6 18. h3 Bd7 19. Bd3 Be8 20. Nf3 Rc8 21. Qe2 Qe7 22.
Nd2 Nc5 23. Bc2 Ncd7 24. a4 a5 25. Nde4 Nc5 26. Nxf6+ Rxf6 27. Rxf6 Bxf6 28.
Ne4 Bg7 29. b3 Bf7 30. Qd2 Qd8 31. Rf1 Be8 32. Ng3 Qh4 33. Nf5 gxf5 34. Bxf5+
Bg6 35. Bxc8 Nxb3 36. Qf2 Qxf2+ 37. Rxf2 Be8 38. Bxb6 Bxa4 39. c5 Nxc5 40. Bxc5
dxc5 41. d6 e4 42. d7 Bxd7 43. Bxd7 Bd4 44. Bf5+ Kg7 45. Bxe4 h5 46. Kf1 Bxf2
47. Kxf2 Kf6 48. Bc2 h4 49. Kf3 Ke5 50. Kg4 Kd4 51. Kxh4 Kc3 52. Bd1 Kb4 53. g4
a4 54. Bc2 a3 55. Bb1 Kb3 56. g5 Kb2 57. g6 Kxb1 58. g7 a2 59. g8=Q a1=Q 60.
Qg6+ Ka2 61. Qc2+ Qb2 62. Qxc5 Qf6+ 63. Kg3 Qg6+ 64. Kh2 Qh6 65. Qb4 Qh7 66.
Qc4+ Ka1 67. h4 1/2-1/2

[Event "Geller Memorial"]
[Site "Moscow"]
[Date "1999.02.03"]
[Round "2.29"]
[White "Vlassov, Nikolai"]
[Black "Donchenko, Anatoly"]
[Result "1/2-1/2"]
[WhiteElo "2454"]
[BlackElo "2382"]
[PlyCount "32"]
[EventDate "1999.02.02"]

1. e4 e5 2. Bc4 Nf6 3. d3 Nc6 4. Nf3 Be7 5. O-O d6 6. a4 O-O 7. a5 Be6 8. Bxe6
fxe6 9. a6 b6 10. Nc3 Qd7 11. Bg5 h6 12. Bh4 Rf7 13. d4 exd4 14. Bxf6 Bxf6 15.
Ne2 d5 16. Ng3 e5 1/2-1/2

[Event "Geller Memorial"]
[Site "Moscow"]
[Date "1999.02.03"]
[Round "2.30"]
[White "Solovjov, Sergey"]
[Black "Deviatkin, Andrei"]
[Result "1/2-1/2"]
[WhiteElo "2447"]
[BlackElo "2284"]
[PlyCount "73"]
[EventDate "1999.02.02"]

1. e4 c6 2. d4 d5 3. Nc3 dxe4 4. Nxe4 Nd7 5. Ng5 Ngf6 6. Bd3 e6 7. N1f3 Bd6 8.
Qe2 h6 9. Ne4 Nxe4 10. Qxe4 Nf6 11. Qh4 Nd5 12. Qxd8+ Kxd8 13. Ne5 Ke7 14. c4
Nf6 15. Bf4 Nd7 16. h4 c5 17. Nxf7 Kxf7 18. Bxd6 cxd4 19. h5 e5 20. c5 e4 21.
Bc4+ Kf6 22. Rh4 Ne5 23. Bd5 Bf5 24. Bxb7 Rae8 25. Kf1 Kg5 26. Bxe4 Kxh4 27.
Bxf5 Nc4 28. Bf4 Rhf8 29. Bd7 Rd8 30. c6 Kxh5 31. Bc7 Ra8 32. b3 Nb6 33. Bxb6
axb6 34. c7 Kg6 35. Rc1 Rxa2 36. c8=Q Kg5 37. Qxf8 1/2-1/2

[Event "Geller Memorial"]
[Site "Moscow"]
[Date "1999.02.03"]
[Round "2.31"]
[White "Zhadanov, Nikolay"]
[Black "Goloshchapov, Alexander"]
[Result "0-1"]
[WhiteElo "2230"]
[BlackElo "2446"]
[PlyCount "108"]
[EventDate "1999.02.02"]

1. e4 e6 2. d4 d5 3. exd5 exd5 4. Nc3 Nf6 5. Bf4 Be7 6. Bd3 O-O 7. Nge2 c5 8.
dxc5 Bxc5 9. O-O Nc6 10. Bg5 h6 11. Bxf6 Qxf6 12. Nxd5 Qxb2 13. Nec3 Qa3 14.
Qh5 Bd4 15. Nb5 Qc5 16. Rae1 Be6 17. Nxd4 Qxd5 18. Qxd5 Bxd5 19. Nxc6 Bxc6 20.
Be4 Rfc8 21. Bxc6 Rxc6 22. Re2 Rac8 23. Rc1 Rb6 24. Kf1 Rc3 25. Ke1 Rb2 26.
Re8+ Kh7 27. Re7 Kg6 28. Kd2 Ra3 29. Ra1 b6 30. Rc7 Raxa2 31. Re1 Rb5 32. Ree7
Rf5 33. f3 a5 34. Red7 b5 35. Rd6+ Rf6 36. Rd5 b4 37. Rb5 Ra1 38. Ke2 Re6+ 39.
Kf2 Rd1 40. Rbb7 Rd2+ 41. Kg3 Ree2 42. Rxf7 Rxg2+ 43. Kf4 Kh7 44. Rf5 Rg5 45.
Rxg5 hxg5+ 46. Kxg5 Rg2+ 47. Kf5 Rxc2 48. h4 Rc4 49. f4 a4 50. Kg5 a3 51. h5 a2
52. Ra7 b3 53. h6 b2 54. Rxg7+ Kh8 0-1

[Event "Geller Memorial"]
[Site "Moscow"]
[Date "1999.02.03"]
[Round "2.32"]
[White "Dokutchaev, Alexander"]
[Black "Maximov, Alexey"]
[Result "1/2-1/2"]
[WhiteElo "2443"]
[BlackElo "2229"]
[PlyCount "81"]
[EventDate "1999.02.02"]

1. d4 d5 2. c4 e6 3. Nf3 Nf6 4. Nc3 Be7 5. Bg5 Nbd7 6. e3 O-O 7. Rc1 a6 8. a3
dxc4 9. Bxc4 b5 10. Ba2 c5 11. O-O cxd4 12. Nxd4 Bb7 13. Qe2 h6 14. Bh4 Qb6 15.
Rfd1 Rfd8 16. f3 Nf8 17. Bf2 Bc5 18. Nb3 Rxd1+ 19. Nxd1 Be7 20. e4 Qd8 21. Nc5
Bxc5 22. Rxc5 Rc8 23. Rxc8 Bxc8 24. Nc3 Ng6 25. Be3 Qd6 26. Qd2 Qxd2 27. Bxd2
e5 28. Ne2 Be6 29. Bxe6 fxe6 30. Nc1 Nd7 31. Nd3 Ne7 32. Bc3 Nc6 33. Kf2 Kf7
34. h4 g6 35. Ke3 Ke7 36. Nf2 Nf6 37. Nd3 Nd7 38. Nf2 Nf6 39. g4 g5 40. hxg5
hxg5 41. Nd3 1/2-1/2

[Event "Geller Memorial"]
[Site "Moscow"]
[Date "1999.02.03"]
[Round "2.33"]
[White "Maljutin, Evgeni"]
[Black "Nemtsev, Igor"]
[Result "0-1"]
[WhiteElo "2440"]
[BlackElo "2220"]
[PlyCount "76"]
[EventDate "1999.02.02"]

1. c4 e5 2. Nc3 Bb4 3. Nd5 Bc5 4. Nf3 e4 5. d4 Bf8 6. Nd2 c6 7. Nc3 d5 8. cxd5
cxd5 9. Nb3 Nc6 10. Bf4 Be6 11. e3 a6 12. Nc5 Bxc5 13. dxc5 Nge7 14. a3 O-O 15.
Bd6 Re8 16. Be2 b6 17. Rc1 bxc5 18. Bxc5 Nf5 19. O-O Qg5 20. f4 exf3 21. Bxf3
Rad8 22. Nxd5 Nh4 23. Bb6 Rxd5 24. Bxd5 Bxd5 25. g3 h5 26. Rf4 Ng6 27. Rc5 Nce7
28. Rf2 h4 29. Bc7 Qxe3 30. Rc3 Qe4 31. Rff3 Rc8 32. Kf2 Bc6 33. Qd6 Bb5 34.
Rfe3 Qh1 35. Re1 Qxh2+ 36. Kf3 hxg3 37. Qxg3 Qxb2 38. Rec1 Qe2# 0-1

[Event "Geller Memorial"]
[Site "Moscow"]
[Date "1999.02.03"]
[Round "2.34"]
[White "Grachev, Boris"]
[Black "Nalbandian, Tigran"]
[Result "1/2-1/2"]
[WhiteElo "2192"]
[BlackElo "2439"]
[PlyCount "76"]
[EventDate "1999.02.02"]

1. e4 Nf6 2. e5 Nd5 3. d4 d6 4. Nf3 Bg4 5. Be2 e6 6. O-O Be7 7. h3 Bh5 8. c4
Nb6 9. exd6 cxd6 10. Nc3 O-O 11. Be3 d5 12. c5 Bxf3 13. Bxf3 Nc4 14. Bf4 Nc6
15. b3 N4a5 16. Qd2 b6 17. cxb6 Qxb6 18. Rfd1 Bb4 19. Rac1 Rac8 20. Be3 Ba3 21.
Rb1 Qb4 22. Be2 Nb7 23. Nb5 Nd6 24. Qxb4 Bxb4 25. a3 Nxb5 26. Bxb5 Bxa3 27. Ra1
Bb4 28. Bxc6 Rxc6 29. Rxa7 Rb8 30. Bf4 Rbb6 31. Rda1 Rc8 32. Rc7 Rf8 33. Raa7
h6 34. Kf1 Bd6 35. Bxd6 Rxd6 36. Ke2 Rb6 37. Rcb7 Rc6 38. Kd2 Rcc8 1/2-1/2

[Event "Geller Memorial"]
[Site "Moscow"]
[Date "1999.02.03"]
[Round "2.35"]
[White "Belozerov, Andrei"]
[Black "Kovtunenko, Alexandr"]
[Result "1-0"]
[WhiteElo "2437"]
[BlackElo "2098"]
[PlyCount "59"]
[EventDate "1999.02.02"]

1. d4 Nf6 2. c4 g6 3. Nc3 d5 4. Nf3 Bg7 5. Bg5 Ne4 6. cxd5 Nxc3 7. bxc3 Qxd5 8.
e3 c5 9. Bb5+ Bd7 10. c4 Qf5 11. O-O Bxb5 12. cxb5 cxd4 13. exd4 h6 14. Bh4
Qxb5 15. Rb1 Qd7 16. Re1 g5 17. Bg3 O-O 18. h4 gxh4 19. Bxh4 e6 20. Ne5 Qd5 21.
Qg4 h5 22. Qg3 Kh7 23. Qd3+ Kg8 24. Qg3 Kh7 25. Rxb7 Qxd4 26. Rxf7 Rxf7 27.
Qg6+ Kg8 28. Qxf7+ Kh8 29. Bf6 Bxf6 30. Ng6# 1-0

[Event "Geller Memorial"]
[Site "Moscow"]
[Date "1999.02.03"]
[Round "2.37"]
[White "Pres, Grigoriy"]
[Black "Kharitonov, Andrei Y"]
[Result "1/2-1/2"]
[WhiteElo "2352"]
[BlackElo "2562"]
[PlyCount "70"]
[EventDate "1999.02.02"]

1. d4 Nf6 2. c4 e6 3. Nc3 Bb4 4. e3 O-O 5. Nge2 d5 6. a3 Be7 7. Nf4 c6 8. Bd2
Nbd7 9. cxd5 exd5 10. Bd3 Re8 11. O-O Nf8 12. f3 Ng6 13. Nxg6 hxg6 14. Qe2 Bd6
15. Qf2 Bf5 16. Be2 Rc8 17. g4 Be6 18. b4 Rc7 19. h3 Bc8 20. Bd3 Bf8 21. Kg2 b6
22. Rfc1 Bb7 23. Rc2 Bd6 24. Rb1 Rce7 25. a4 Re6 26. a5 Qe7 27. Na4 Nd7 28. Nc5
Bxc5 29. bxc5 b5 30. Re1 Qd8 31. Re2 Nf6 32. Rc1 Bc8 33. Qg3 Nh7 34. h4 R6e7
35. Kf2 Nf6 1/2-1/2

[Event "Geller Memorial"]
[Site "Moscow"]
[Date "1999.02.03"]
[Round "2.38"]
[White "Filipenko, Alexander V"]
[Black "Lastin, Alexander"]
[Result "1/2-1/2"]
[WhiteElo "2360"]
[BlackElo "2558"]
[PlyCount "55"]
[EventDate "1999.02.02"]

1. e4 e5 2. Nf3 Nc6 3. Bb5 a6 4. Ba4 Nf6 5. O-O Be7 6. Re1 b5 7. Bb3 O-O 8. a4
Bb7 9. c3 d5 10. axb5 axb5 11. Rxa8 Bxa8 12. d4 Nxe4 13. dxe5 Bc5 14. Re2 b4
15. Be3 bxc3 16. Nxc3 Bxe3 17. Rxe3 Nb4 18. h4 Nc5 19. Qd4 Nxb3 20. Qxb4 d4 21.
Rd3 Bxf3 22. Qxb3 Ba8 23. Qc4 Qxh4 24. Qxd4 Qg5 25. Rg3 Qc1+ 26. Kh2 Qh6+ 27.
Kg1 Qc1+ 28. Kh2 1/2-1/2

[Event "Geller Memorial"]
[Site "Moscow"]
[Date "1999.02.03"]
[Round "2.39"]
[White "Igriashvili, Zurab"]
[Black "Yemelin, Vasily"]
[Result "1-0"]
[WhiteElo "2327"]
[BlackElo "2550"]
[PlyCount "63"]
[EventDate "1999.02.02"]

1. e4 Nc6 2. Nf3 e5 3. Bc4 Nf6 4. d4 exd4 5. e5 d5 6. Bb5 Ne4 7. Nxd4 Bd7 8.
Nxc6 bxc6 9. Be2 Qe7 10. Nd2 Qxe5 11. Nxe4 dxe4 12. O-O Bd6 13. g3 O-O 14. c3
Qe7 15. Re1 f5 16. Bf3 Qf7 17. Bg2 Rab8 18. Qc2 c5 19. b3 Bc6 20. Bf4 Bxf4 21.
gxf4 Rbd8 22. Re3 Rd6 23. Qe2 c4 24. bxc4 Rfd8 25. c5 Rd2 26. Qa6 Qd7 27. Bf1
h6 28. a4 Rb8 29. Bb5 Bxb5 30. axb5 Rxb5 31. c6 Rd1+ 32. Kg2 1-0